00309nam a22000977a 4500008004100000082001600041100002300057245006900080260004800149300001400197230602b xxu||||| |||| 00| 0 eng d a796.48bGEO cSaude Georged2004 aKenya's Olympic JourneybA tribute to those who made it possible aNairobibThe Creative Print House Ltdc2004 a254 pages